000 00682njm a2200265 c 4500
003 BLK
005 20240522125016.0
008 180410b bul||n||s|||||||| n|bulo|
010 _aCDD00003791000
040 _aBLK
041 _aBUL
_cENG
139 _aThe Greatest Christmas songs [аудио CD]
_bG 77
245 1 0 _aThe Greatest Christmas songs [аудио CD]
257 _aBGR
260 _c2005
380 _a7
590 _aS.N: 93137 от КНИГИ
852 _aЦб CD 2412
_p0
856 4 _qpdf
_u
856 4 _qpdf
_u
942 _cCDD
_n0
944 _aCR
_c16.12.2009
_k30560
_lГеновева Генчева
944 _aED
_c16.12.2009
999 _c221290
_d221290
999 _d221290